Japan Railways (JR) Group - Passenger Railway Companies - Statistics

General Stats
  • This quiz has been taken 192 times
  • The average score is 6 of 6
Answer Stats
Answer % Correct
JR East
99%
JR West
99%
JR Hokkaido
96%
JR Central
95%
JR Kyushu
92%
JR Shikoku
89%
No matching quizzes found
Score Distribution
Percent of People with Each Score
Percentile by Number Answered
Your Score History
You have not taken this quiz